| 000 | 00820aam a2200241 4500 | ||
|---|---|---|---|
| 999 |
_c31727 _d31727 |
||
| 001 | 190 | ||
| 003 | CO-MdFUSB | ||
| 005 | 20171110112136.0 | ||
| 008 | 170417s1970 ag ||||| |||| 00| 0 spa d | ||
| 040 |
_aCO-MdFUSB _bspa _cCO-MdFUSB _dCO-MdFUSBC _erda |
||
| 041 | 0 | _aspa | |
| 082 | 0 | 4 | _aG 225.7 B717c |
| 100 | 1 |
_aBonnet, Luis _eautor |
|
| 245 | 0 | 0 |
_aComentario del Nuevo Testamento _c/ Luis Bonnet, Alfredo Schroeder |
| 264 | 1 |
_aArgentina: _b Casa Bautista de Publicaciones, _c [1970] |
|
| 300 | _a703 Pag. | ||
| 336 |
_2rdacontent _atexto _btxt |
||
| 337 |
_2rdamedia _asin mediación _bn |
||
| 338 |
_2rdacarrier _avolumen _bnc |
||
| 505 | 0 | 0 | _aVol. 1 : Los Evangelios Sinópticos. Vol. 2 . Juan y Hechos. Vol. 3 : Epístolas de Pablo. Vol. 4 : Hebreos - Apocalipsis |
| 630 | 0 | 7 |
_aBiblia. _pNuevo Testamento |
| 942 | _cBK | ||